George Ezra - Green Green Grass Lyrics - Statistics

General Stats
  • This quiz has been taken 84 times
  • The average score is 268 of 344
Answer Stats
Lyrics % Correct
a
95%
I
95%
the
92%
blue,
90%
blue
90%
day
90%
grass,
90%
grass
90%
green,
90%
green
90%
party
90%
party,
90%
sky
90%
that
90%
to
90%
die
89%
you
89%
on
87%
she
87%
and
84%
better
82%
throw
82%
we
79%
me
77%
like
74%
when
74%
go
72%
said
72%
for
70%
girl
70%
lightning
70%
moves
70%
of
70%
out
70%
is
69%
it
69%
out
69%
sun
69%
down
67%
no
67%
three
67%
undercover,
67%
undercover
67%
all
66%
lovers
66%
counts
64%
your
64%
just
62%
town
62%
two
62%
up,
62%
up
62%
says
61%
she's
61%
turns
61%
yeah
61%
genius
59%
hills
59%
then
59%
together
59%
apple
57%
car
57%
coming
57%
Eve
57%
(genius)
57%
in
57%
so
57%
this
57%
young
57%
Adam
56%
alive
56%
another
56%
getaway
56%
one
56%
over
56%
straight
56%
watch
56%
world
56%
but
54%
fire
54%
gonna
54%
lights
54%
make
54%
more
54%
now
54%
there's
54%
burn
52%
hands
52%
much
52%
put
52%
sucker
52%
than
52%
comes
51%
living
51%
sets
51%
heist
49%
here
49%
learn
49%
well
48%
thief
46%
loaded
36%
how
25%
babe
13%
No matching quizzes found
Score Distribution
Percent of People with Each Score
Percentile by Number Answered
Your Score History
You have not taken this quiz